| 000 | nam a22 a 4500 | ||
|---|---|---|---|
| 999 |
_c2830 _d2830 |
||
| 005 | 20170518112349.0 | ||
| 008 | 170518s2010 si 001 0 eng d | ||
| 020 | _a9789814248945 | ||
| 040 | _aAKMAL | ||
| 082 | _a657.3 NG | ||
| 090 |
_a657.3 _bNG |
||
| 100 |
_aNg, Eng Juan. _95975 |
||
| 245 |
_a A practical guide to financial reporting standards (Malaysia) _cNg Eng Juan. |
||
| 250 | _a3rd ed. | ||
| 260 |
_a [Singapore] _bCCH Asia Pte Ltd., _c2010. |
||
| 300 |
_a ix, 1043 p. _c24 cm. |
||
| 650 |
_aFinancial statements _xStandards _zMalaysia _95976 |
||
| 942 |
_2ddc _cBOOK |
||